00964 2200301 4500001002100000008004100021035002000062245007600082100002300158250000600181260003100187300002900218020002200247084001400269520023800283082000800521650001300529990001200542990001200554990001200566990001200578990001200590990001200602990001200614990001200626990001200638990001200650INLIS000000000000016 ind  a0010-0324000016 aTan MalakabKisah Cinta Dan Pemikiran - PemikirannyacSyarifuddin Munir aMunir, Syarifuddin a1 aYogyakarta :bAraskac2019 a288hlm.c14 cm x 20.5 cm a978-623-7145-85-1 a900 SYA t aTan Malaka adalah sosok yang sangat ikonik. Membaca Tan Malaka kita seperti membaca kisah seorang figur yang menaruh perhatian besar terhadap masalah kemanusiaan. Ia lahir di Minangkabau, berjuang di tanah Jawa hingga akhir hayatnya. a900 aBiografi a0744868 a0744861 a0744862 a0744863 a0744864 a0744865 a0744866 a0744867 a0744869 a0744870